Logo BPK

Bibliografia Prac Pracowników

Politechniki Koszalińskiej

Internet a zarządzanie firmą / (Rekord nr 10555)

Szczegóły MARC
000 -ETYKIETA REKORDU
podpole kontrolne o stałej długości 01268naa a2200265 i 4500
001 - NUMER KONTROLNY REKORDU
podpole kontrolne 10555
003 - IDENTYFIKATOR NUMERU KONTROLNEGO REKORDU
podpole kontrolne KOSZ 005
005 - DATA OSTATNIEJ MODYFIKACJI REKORDU
podpole kontrolne 20180511103746.0
008 - POLE O STAŁEJ DŁUGOŚCI - DANE KONTROLNE
podpole kontrolne o stałej długości 180511s1999 pl a| | |100 ||pol d
040 ## - ŹRÓDŁO KATALOGOWANIA
Instytucja, która utworzyła rekord KOSZ 005/HR
Instytucja, która sporządziła opis KOSZ 005/HR
080 ## - UNIWERSALNA KLASYFIKACJA DZIESIĘTNA - UKD
UKD 339.138:004.738.5
080 ## - UNIWERSALNA KLASYFIKACJA DZIESIĘTNA - UKD
UKD 658.1/.5
100 1# - NAZWA OSOBOWA
Nazwa osobowa KACZMAREK-ŚLIWIŃSKA, Monika.
Lata pracy 1996 -1999.
Instytucja Politechnika Koszalińska - Instytut Zarządzania i Marketingu,
Wydział Katedra Metod Ilościowych
245 ## - TYTUŁ/ODPOWIEDZIALNOŚĆ
Tytuł Internet a zarządzanie firmą /
Pozostałe elementy strefy tytułu i oznaczenia odpowiedzialności Monika Kaczmarek.
650 #0 - HASŁO PRZEDMIOTOWE W FORMIE NAZWY OGÓLNEJ LUB JEDNOSTKOWEJ
Nazwa ogólna lub geograficzna Zarządzanie.
650 #0 - HASŁO PRZEDMIOTOWE W FORMIE NAZWY OGÓLNEJ LUB JEDNOSTKOWEJ
Nazwa ogólna lub geograficzna Przedsiębiorstwo.
650 #0 - HASŁO PRZEDMIOTOWE W FORMIE NAZWY OGÓLNEJ LUB JEDNOSTKOWEJ
Nazwa ogólna lub geograficzna Internet.
650 #0 - HASŁO PRZEDMIOTOWE W FORMIE NAZWY OGÓLNEJ LUB JEDNOSTKOWEJ
Nazwa ogólna lub geograficzna Marketing elektroniczny.
655 #0 - TERMIN INDEKSOWY - OKREŚLENIE RODZAJU/FORMY DOKUMENTU
Określnie rodzaju/formy dokumentu Materiały konferencyjne.
700 1# - HASŁO DODATKOWE - NAZWA OSOBOWA
Nazwa osobowa ŚLIWIŃSKI, Leszek.
Lata pracy 1996 -1999.
Instytucja Politechnika Koszalińska - Instytut Zarządzania i Marketingu,
Wydział Katedra Metod Ilościowych
711 22 - HASŁO DODATKOWE - NAZWA IMPREZY
Nazwa imprezy Konferencja "Komputerowo zintegrowane zarządzanie"
Oznaczenie części/sekcji dzieła (2 ;
Data imprezy 1999 ;
Miejsce imprezy Zakopane, Polska)
773 0# - TYTUŁ DOKUMENTU MACIERZYSTEGO
Wyrażenie wprowadzające W :
Tytuł Komputerowo zintegrowane zarządzanie / pod redakcją Ryszarda Knosali. -
Adres wydawniczy Warszawa : Wydawnictwa Naukowo-Techniczne, 1999. -
Informacje dotyczące relacji s. 149-154
ISBN 8320423848
856 ## - LOKALIZACJA I DOSTĘP DO ELEKTRONICZNYCH DOKUMENTÓW ZDALNYCH
Link (URL) http://koha.tu.koszalin.pl/cgi-bin/koha/opac-detail.pl?biblionumber=86469
Tekst linku Katalog online BPK
942 ## - HASŁO DODATKOWE - ELEMENTY(KOHA)
Typ dokumentu Rozdział
Schemat klasyfikacji Uniwersalna klasyfikacja dziesiętna

Brak dostępnych egzemplarzy.

© 2014 Biblioteka Politechniki Koszalińskiej :: BIBLIOGRAFIA PRAC PRACOWNIKÓW